| 000 | 00507nam a22001577a 4500 | ||
|---|---|---|---|
| 005 | 20210617125526.0 | ||
| 008 | 210317b cr ||||| |||| 00| 0 spa d | ||
| 020 | _a9968778249 | ||
| 050 | 0 | 4 |
_aK3238 _bI57 1998 |
| 245 | 0 | 0 | _aInstrumentos internacionales de protección de los derechos humanos |
| 250 | _a2a ed. | ||
| 260 |
_aSan José : _bInstituto Interamericano de Derechos Humanos, _c1998 |
||
| 300 |
_a329 p. ; _c20 cm. |
||
| 650 | 7 |
_2lemb _aDerechos Humanos (Derecho internacional) |
|
| 942 |
_2lcc _cLIB |
||
| 999 |
_c155319 _d155317 |
||